000 00545nam a22001697a 4500
003 OSt
020 _a9789383692514
082 _a580.03
_bVAR/DI
100 _aVartika Jain
245 _aDictionary of local-botanical names of plants in Indian folk life:
_b(guide to over 26000 tribal and rural plant names documented in sixty years ethnobotanical field work)
260 _aJodhpur
_bScientific Publishers
_c2018
300 _aiv, 329p.
546 _aEnglish
650 _aBotanical names of plants
700 _aJain, S K
942 _2ddc
_cBK
999 _c163978
_d163978